000
00280nam a2200121Ia 4500
005
20251222140102.0
008
251222s1900||||xx |||||||||||||| ||spa||
082
_a
171.2/V46
100
_a
Ventorino, Francesco
245
0
_a
Moralitá e Felicitá.
264
_b
Tools
942
_c
LIB
999
_c
3971
_d
3971